000 00444nam a2200145 i 4500
001 57579
003 ES-MaACL
007 t|
008 031017s1979 sp ||||1| spa d
100 1 _aDomínguez García, Florencio.
_945211
245 1 0 _aSofismas y mitos del siglo XX sobre el origen del hombre /
_cFlorencio Domínguez García.
260 _aMadrid :
_bAlonso,
_c[1979]
300 _a192 p. ;
_c17 cm.
852 _aES-MaACL
_jL-643
_bR.101055
999 _c57579
_d57579